| 000 | 00498nam a2200169Ia 4500 | ||
|---|---|---|---|
| 008 | 210719s2004 xx 000 0 und d | ||
| 020 | _a8176498319 | ||
| 041 | _aeng | ||
| 082 | _a510KAK CLAM | ||
| 100 | _aCLAWSON (Calvin C) | ||
| 245 | _aMathematical mysteries the beauty and magic of numbers. | ||
| 260 |
_aND _bViva Books Private Ltd. _c2004 |
||
| 300 |
_a313 _bPB |
||
| 365 |
_b295 _cRs |
||
| 650 | _aMathematics | ||
| 906 | _aNumber Sequence Occult Series Numbers Primes Ramanujan Goldbach | ||
| 999 |
_c213823 _d213823 |
||